ბათუმის შოთა რუსთაველის სახელმწიფო უნივერსიტეტის ბიბლიოთეკა

Международное регионоведение (ბიბ.ჩანაწერი № 44441)

000 -LEADER
fixed length control field 00653nam a2200241Ia 4500
001 - CONTROL NUMBER
control field 11210
003 - CONTROL NUMBER IDENTIFIER
control field GE_BSU
008 - FIXED-LENGTH DATA ELEMENTS--GENERAL INFORMATION
fixed length control field 181216s||||||||xx |||||||||||||| ||und||
020 ## - INTERNATIONAL STANDARD BOOK NUMBER
International Standard Book Number 9785388006882
040 ## - CATALOGING SOURCE
Transcribing agency GE_BSU
080 ## - UNIVERSAL DECIMAL CLASSIFICATION NUMBER
Universal Decimal Classification number 332.1(075)
100 ## - MAIN ENTRY--PERSONAL NAME
Personal name Барыгин,И.Н.
245 ## - TITLE STATEMENT
Title Международное регионоведение
245 ## - TITLE STATEMENT
Remainder of title УЧЕБНИК ДЛЯ ВУЗОВ.
245 ## - TITLE STATEMENT
Statement of responsibility, etc. Ред.Е.Власова
260 ## - PUBLICATION, DISTRIBUTION, ETC.
Place of publication, distribution, etc. Москва
260 ## - PUBLICATION, DISTRIBUTION, ETC.
Name of publisher, distributor, etc. Питер
260 ## - PUBLICATION, DISTRIBUTION, ETC.
Date of publication, distribution, etc. 2009.
300 ## - PHYSICAL DESCRIPTION
Extent 384С;ИЛ;21СМ.
653 ## - INDEX TERM--UNCONTROLLED
Uncontrolled term МЕЖДУНАРОДНОЕ РЕГИОНОВЕДЕНИЕ.
942 ## - ADDED ENTRY ELEMENTS (KOHA)
Koha item type წიგნი
ეგზემპლარები
Withdrawn status Lost status Damaged status Not for loan Date acquired Barcode Date last seen Price effective from Koha item type
        2018-12-17 35353 2018-12-17 2018-12-17 წიგნი
        2018-12-17 36112 2018-12-17 2018-12-17 წიგნი
        2018-12-17 36113 2018-12-17 2018-12-17 წიგნი